<?xml version="1.0" encoding="UTF-8"?>
<marc:record xmlns:marc="http://www.loc.gov/MARC21/slim">
   <marc:leader>00000nam a2200000 a 4500</marc:leader>
   <marc:datafield ind1="1" ind2=" " tag="100">
      <marc:subfield code="a">Kosmos</marc:subfield>
      <marc:subfield code="4">aut</marc:subfield>
      <marc:subfield code="e">Verfasser/-in</marc:subfield>
   </marc:datafield>
   <marc:datafield ind1="0" ind2="0" tag="245">
      <marc:subfield code="a">Das große Pentago</marc:subfield>
   </marc:datafield>
   <marc:datafield ind1="0" ind2="0" tag="245">
      <marc:subfield code="b">the Mind Twisting Game ; das genial verdrehte Spiel</marc:subfield>
   </marc:datafield>
   <marc:datafield ind1=" " ind2="1" tag="264">
      <marc:subfield code="b">Kosmos Verlag</marc:subfield>
   </marc:datafield>
   <marc:datafield ind1="1" ind2=" " tag="520">
      <marc:subfield code="a">Das 2-Personenspiel war schon ein sehr beliebtes und erfolgreiches Spiel. Zum Glück gibt es Pentago seit 2010 auch als Familienspiel für bis zu vier Personen. Auf dem hochwertigen Spielbrett aus Kunststoff mit 9 drehbaren Spielfeldern mit jeweils neun besetzbaren Feldern können jetzt bis zu vier Spieler 80 zweifarbige Linsen platzieren. Das hat es in sich. Wie beim Original setzen die Spieler abwechselnd ihre Steine mit dem Ziel, als Erster "Fünf-In-Eine-Reihe" zu bekommen. Natürlich werden auch hier nach dem Setzen die Quadrate gedreht, damit Verwirrung aufkommt. Aber durch die neun (81 Setzflächen) anstatt der bisher vier (36 Setzflächen) zu drehenden Quadrate ergeben sich ganz neue Herausforderungen. Auch optisch ist das Spiel ein Highlight und lässt diejenigen, die erstmal damit angefangen haben, nur noch sehr schwer los. </marc:subfield>
   </marc:datafield>
</marc:record>
